New sustainable development plan guidance (Record no. 71150)

MARC details
000 -LEADER
fixed length control field 01069cam a2200205 4500
001 - CONTROL NUMBER
control field WB3834-08
008 - FIXED-LENGTH DATA ELEMENTS--GENERAL INFORMATION
fixed length control field 020916n2002 000 0 eng u
035 ## - SYSTEM CONTROL NUMBER
System control number (Sirsi) u119687
245 ## - TITLE STATEMENT
Title New sustainable development plan guidance
260 ## - PUBLICATION, DISTRIBUTION, ETC.
Date of publication, distribution, etc. 2002
490 ## - SERIES STATEMENT
Series statement RICS Planning & Development Faculty News
Volume/sequential designation 15 September 2002, (1)
520 ## - SUMMARY, ETC.
Summary, etc. The Welsh Assembly has told local councils how they can make their development plans sustainable development friendly. "Sustainability appraisal of unitary development plans in Wales: a good practice guide" sets out advice on applying sustainability appraisal techniques when preparing unitary development plans. The guidance drawn up by Baker Associates is available at www.wales.gov.uk/subiplanning/content/devplans/udp-sas-summary-e.htm www.rics.org/ricscms/bin/show?class=News&template=/includes/shownews.html&id=3639
590 ## - LOCAL NOTE (RLIN)
Local note WB
650 ## - SUBJECT ADDED ENTRY--TOPICAL TERM
Topical term or geographic name entry element SUSTAINABLE DEVELOPMENT
650 ## - SUBJECT ADDED ENTRY--TOPICAL TERM
Topical term or geographic name entry element UNITARY DEVELOPMENT PLANS
650 ## - SUBJECT ADDED ENTRY--TOPICAL TERM
Topical term or geographic name entry element WALES
650 ## - SUBJECT ADDED ENTRY--TOPICAL TERM
Topical term or geographic name entry element GUIDANCE
690 ## - LOCAL SUBJECT ADDED ENTRY--TOPICAL TERM (OCLC, RLIN)
Topical term or geographic name as entry element DEVELOPMENT-SUSTAINABLE
942 ## - ADDED ENTRY ELEMENTS (KOHA)
Suppress in OPAC 0
Holdings
Withdrawn status Lost status Source of classification or shelving scheme Damaged status Not for loan Home library Current library Shelving location Date acquired Total Checkouts Full call number Barcode Date last seen Copy number Price effective from Koha item type
    Dewey Decimal Classification     London London News article 16/09/2002   WB3834-08 119687-1001 06/08/2019 1 06/08/2019 News article